01252nam a2200289 a 450000100060000000300080000600500170001400800410003103500200007203500200009203500270011204000420013904100080018108200250018924501130021426000770032730000340040450400310043865000380046965000440050770000300055171000620058194200120064399900170065595201450067295201450081743414BD-RjUL20211209053708.0160621s1965 fr a 000 0 eng u a(BD-RjUL) 43532 a(OCoLC)00176248 a(CStRLIN)NYSXAAC3475-B cCINdm.c.dSYBdBD-RjULaBD-RjULbeng aeng 223a370.98bPRO 196500aProblems and strategies of educational planning :blessons from Latin America /cedited by Raymond F. Lyons. aParis :bUnesco: International Institute for Educational Planning,c1965 aviii, 117 p. :bill. ;c24cm. aBibliographical footnotes. 0aEducationzLatin America.9133327 0aEducationxAims and objectives.91255461 aLyons, Raymond F.91333282 aInternational Institute for Educational Planning.9133329 2ddccBK c43414d43414 00102ddc40708NFICaRUCLbRUCLcStackd1970-07-22eSheets & Jeithigsg20.00l0o370.98 PRO 1965r2016-06-21 00:00:00tC-2w2016-06-21yBK 00102ddc40708NFICaRUCLbRUCLcStackd1970-07-26eSheets & Jeithigsg20.00l0o370.98 PRO 1965r2016-06-21 00:00:00tC-3w2016-06-21yBK